[Event "SVK-chT4A21 1213"]
[Site "Slovakia"]
[Date "2013.01.20"]
[Round "7.3"]
[White "Krc, Miroslav"]
[Black "Tokos, Rastislav"]
[Result "0-1"]
[WhiteElo "1481"]
[BlackElo "1858"]
[PlyCount "104"]
[EventDate "2012.10.14"]
[EventType "team-tourn"]
[EventRounds "11"]
[EventCountry "SVK"]
[SourceTitle "EXT 2022"]
[Source "ChessBase"]
[SourceDate "2021.10.06"]
[SourceVersion "1"]
[SourceVersionDate "2021.10.06"]
[SourceQuality "1"]
[WhiteTeam "Trnava Lokomotiva Jun"]
[BlackTeam "Senica Dragon"]
[WhiteTeamCountry "SVK"]
[BlackTeamCountry "SVK"]

1. d4 d5 2. c4 c6 3. Nc3 Nf6 4. e3 g6 5. Nf3 Bg7 6. Be2 0-0 7. 0-0 Nbd7 8. cxd5 Nxd5 9. Nxd5 cxd5 10. b3 Nf6 11. Bb2 Bg4 12. Ne5 Bxe2 13. Qxe2 Nd7 14. Nxd7 Qxd7 15. Rac1 Rfc8 16. Qd2 e6 17. g3 Bf8 18. Rxc8 Rxc8 19. Rc1 Rc6 20. Rxc6 Qxc6 21. Qc3 Qb5 22. Qc8 Kg7 23. Qc7 h6 24. Qe5+ Kh7 25. Qc7 Kg8 26. Qc1 Qe2 27. a4 Bb4 28. Bc3 Bd6 29. Qd2 Qf3 30. Bb4 Bxb4 31. Qxb4 b6 32. Qc3 g5 33. Qc2 h5 34. Qc8+ Kh7 35. Qc2+ Kg7 36. Qc1 h4 37. Qf1 Kf6 38. gxh4 gxh4 39. h3 Kf5 40. b4 Qe4 41. a5 bxa5 42. bxa5 Qf3 43. Qb1+ Kf6 44. Qf1 Ke7 45. Qg2 Qd1+ 46. Kh2 Qe1 47. Qg5+ Kd7 48. Qxh4 Qxa5 49. Qf4 Qc7 50. Qxc7+ Kxc7 51. h4 Kd7 52. h5 Ke7 0-1